Introduction to the constitution of India / (Record no. 42)

000 -LEADER
fixed length control field 00438 a2200157 4500
008 - FIXED-LENGTH DATA ELEMENTS--GENERAL INFORMATION
fixed length control field 210413b ||||| |||| 00| 0 eng d
020 ## - INTERNATIONAL STANDARD BOOK NUMBER
International Standard Book Number 9789386515728
082 00 - DEWEY DECIMAL CLASSIFICATION NUMBER
Classification number 342.54029
Item number S5313
100 ## - MAIN ENTRY--PERSONAL NAME
Personal name Basu, Durga Das
9 (RLIN) 4919
245 ## - TITLE STATEMENT
Title Introduction to the constitution of India /
250 ## - EDITION STATEMENT
Edition statement 23rd ed.
260 ## - PUBLICATION, DISTRIBUTION, ETC. (IMPRINT)
Place of publication, distribution, etc Gurgaon:
Name of publisher, distributor, etc Lexis Nexis,
Date of publication, distribution, etc 2018.
300 ## - PHYSICAL DESCRIPTION
Extent xxxiii, 559 p.
650 #0 - SUBJECT ADDED ENTRY--TOPICAL TERM
Topical term or geographic name as entry element Indian Polity
942 ## - ADDED ENTRY ELEMENTS (KOHA)
Source of classification or shelving scheme
Item type Books
Holdings
Withdrawn status Lost status Source of classification or shelving scheme Damaged status Not for loan Permanent location Current location Date acquired Source of acquisition Cost, normal purchase price Full call number Barcode Date last seen Cost, replacement price Koha item type
          IMU Kolkata IMU Kolkata 2019-09-05 Katha-O-Kahini 310.45 342.54029 S5313 13565 2019-09-05 450.00 Books
          IMU Kolkata IMU Kolkata 2019-09-05 Katha-O-Kahini 310.45 342.54029 S5313 13566 2019-09-05 450.00 Books
          IMU Kolkata IMU Kolkata 2019-09-05 Katha-O-Kahini 310.45 342.54029 S5313 13567 2019-09-05 450.00 Books
          IMU Kolkata IMU Kolkata 2019-09-05 Katha-O-Kahini 310.45 342.54029 S5313 13568 2019-09-05 450.00 Books
Designed and Maintained by IMU-KC Library, Kolkata Campus © Copyright All Rights Reserved

webs counters

Powered by Koha